Statystyki dla Najpopularniejsze gry 2023

Kliknij tutaj aby rozwiązać quiz!

Ogólne statystyki

  • Ten quiz został rozwiązany 151 razy
  • Średni wynik to 1 z 10

Statystyki odpowiedzi

HintOdpowiedź% Poprawnych
2.Fifa 23
79%
1.Dziedzictwo Hogwartu
15%
5.Diablo IV
13%
3.Resident Evil 4
9%
4.Legion Samobójców
6%
7.Legion Samobójców
6%
8.Dead Space
5%
6.Star Wars ;Jedi ocalały
2%
9.Władca Pierścieni
2%
10.WitchFire
0%

Rozkład punktacji

Percentyl według liczby udzielonych odpowiedzi

Procent ludzi z każdym wynikiem

Twoja historia wyników

Nie rozwiązałeś tego quizu